Japan bicycle guide

Сохранить в:
Библиографические подробности
Формат:
Язык:Undetermined
Опубликовано: Tokyo 1973
Предметы:
Метки: Добавить метку
Нет меток, Требуется 1-ая метка записи!
Thư viện lưu trữ: Trung tâm Học liệu Trường Đại học Cần Thơ
LEADER 00409nam a2200157Ia 4500
001 CTU_99192
008 210402s9999 xx 000 0 und d
082 |a 629.22 
082 |b J34 
245 0 |a Japan bicycle guide 
260 |a Tokyo 
260 |c 1973 
650 |a Cycling,Bicycles 
650 |x Periodicals,Periodicals 
904 |i Truc, Q. Hieu 
980 |a Trung tâm Học liệu Trường Đại học Cần Thơ